| 000 | 00970nas a2200349 4500 | ||
|---|---|---|---|
| 001 | BR2015007178 | ||
| 003 | BR-BrBNA | ||
| 005 | 20231205130055.0 | ||
| 007 | ta | ||
| 008 | 230509b bl.|||p| |||| 00| 00por d | ||
| 040 |
_aBR-BrBNA _bpor _cBiblioteca Nacional de Agricultura |
||
| 041 | _a(Pt) | ||
| 072 | _aL74; L70 | ||
| 100 | 1 | _aSiqueira, R.C. | |
| 100 | 1 | _aHirota, I.N. | |
| 100 | 1 | _aCorrêa, A. de G. | |
| 100 | 1 | _aHataka, A. | |
| 100 | 1 | _aRepetti, C.F. | |
| 100 | 1 | _aPorto, C.D. | |
| 100 | 1 | _aFranco, R.P. | |
| 245 | 1 | _aConduta pós-cirúrgica no carcinoma folicular tireoidiano em cão | |
| 650 | _aCÃO | ||
| 650 | _aNEOPLASIA | ||
| 650 | _aDOENÇA ANIMAL | ||
| 650 | _aTIREOIDE | ||
| 650 | _aCIRURGIA | ||
| 650 | _aVETERINÁRIA | ||
| 650 | _aHORMÔNIO ANIMAL | ||
| 773 | 0 |
_tRevista CFMV (Brazil) _xISSN 1517-6959 _g(Jan-Mar 2015), v. 20(64) p. 77-78 _wBR2015007178 |
|
| 909 |
_a202311 _bLúcia _c55 _dLúcia Elande |
||
| 942 |
_2AGRIS _n0 _cANA |
||
| 999 |
_c247763 _d247763 |
||